Länder Südamerikas nach Fläche (mit Karte) - Statistiken

Allgemein
  • Dieses Quiz wurde 14 mal gespielt
  • Das Durchschnittsergebnis liegt bei 11 aus 12
Antworten auf der Karte
Die Antworten werden auf der Karte rot bzw. grün angezeigt, abhängig davon wie oft sie richtig erraten wurden.
 
Antwortstatistiken
Hint Antwort % Korrekt
2'780'400 km² Argentinien
100%
8'515'770 km² Brasilien
100%
756'102 km² Chile
100%
1'138'910 km² Kolumbien
100%
1'285'216 km² Peru
92%
176'215 km² Uruguay
92%
1'098'581 km² Bolivien
83%
283'561 km² Ecuador
83%
406'752 km² Paraguay
83%
912'050 km² Venezuela
83%
214'969km² Guyana
75%
163'820 km² Suriname
75%
Keine übereinstimmenden Quizze gefunden
Verteilung der Resultate
Anzahl Personen mit jedem Resultat
Perzentil nach korrekt beantworteten Fragen
Ihre Resultats-Entwicklung
Sie haben dieses Quiz noch nicht gespielt